| 000 | 00887cam a2200277 i 4500 | ||
|---|---|---|---|
| 001 | 2247111 | ||
| 003 | GBCCL | ||
| 005 | 20241126110358.0 | ||
| 008 | 770405s1977 pau 000 0aeng | ||
| 010 | _a 77005701 | ||
| 020 |
_a0879810831 : _c$3.95 |
||
| 020 | _a9788173621338 | ||
| 040 |
_aDLC _cDLC _dDLC |
||
| 050 | 0 | 0 |
_aBV4935.M25 _bA32 |
| 082 | 0 | 0 |
_a248.246 _aB _bMAH |
| 100 | 1 |
_aMaharaj, Rabindranath R. _92522 |
|
| 245 | 1 | 0 |
_aDeath of a guru / _cRabindranath R. Maharaj, with Dave Hunt. |
| 250 | _a1st Indian ed. | ||
| 260 |
_aSecunderabad : _aPhiladelphia : _bAuthentic, _bA. J. Holman Co., _c2013, c1977. |
||
| 300 |
_a224 p. ; _c22 cm. |
||
| 600 | 1 | 0 |
_aMaharaj, Rabindranath R. _92522 |
| 650 | 0 |
_aChristian converts from Hinduism _xBiography. _92523 |
|
| 700 | 1 |
_aHunt, Dave, _ejoint author. _9609 |
|
| 906 |
_a7 _bcbc _corignew _d1 _eocip _f19 _gy-gencatlg |
||
| 942 |
_2ddc _cBK _01 |
||
| 999 |
_c1301 _d1301 |
||